Online
Catalog

Panegírico de trabajo y cartas / (Record no. 56067)

MARC details
000 -CABECERA
campo de control de longitud fija 00869nam a2200241 i 4500
003 - IDENTIFICADOR DEL NÚMERO DE CONTROL
campo de control DO-SdBNP
005 - FECHA Y HORA DE LA ÚLTIMA TRANSACCIÓN
campo de control 20240311145103.0
007 - CAMPO FIJO DE DESCRIPCIÓN FÍSICA--INFORMACIÓN GENERAL
campo de control de longitud fija ta
008 - DATOS DE LONGITUD FIJA--INFORMACIÓN GENERAL
campo de control de longitud fija 240311b1891 sp ||||| |||| 00| 0 spa d
040 ## - FUENTE DE LA CATALOGACIÓN
Centro catalogador/agencia de origen DO-SdBNP
Lengua de catalogación spa
Centro/agencia transcriptor BNPHU
Normas de descripción rda
082 #4 - NÚMERO DE LA CLASIFICACIÓN DECIMAL DEWEY
Número de edición 22
100 1# - ENTRADA PRINCIPAL--NOMBRE DE PERSONA
Nombre de persona Cecilio Segundo, C. Plinio,
Término indicativo de función/relación autor
9 (RLIN) 85007
245 10 - MENCIÓN DE TÍTULO
Título Panegírico de trabajo y cartas /
Mención de responsabilidad, etc. C. Plinio Cecilio Segundo ; traducción, D. Francisco de Barreda, D. Francisco Navarro
264 ## - PRODUCCIÓN, PUBLICACIÓN, DISTRIBUCIÓN, FABRICACIÓN Y COPYRIGHT
Producción, publicación, distribución, fabricación y copyright Madrid :
Nombre del de productor, editor, distribuidor, fabricante Librería de la Viuda de Hernando,
Fecha de producción, publicación, distribución, fabricación o copyright 1891.
300 ## - DESCRIPCIÓN FÍSICA
Extensión volumen ;
Dimensiones 18 cm.
490 ## - MENCIÓN DE SERIE
Mención de serie Biblioteca Clásica
Designación de volumen o secuencia 64,65
500 ## - NOTA GENERAL
Nota general Incluye referencias bibliográficas y notas al pie de las páginas
590 ## - NOTA LOCAL (RLIN)
Nota local Inventariado, 2024/BT
700 1# - PUNTO DE ACCESO ADICIONAL--NOMBRE DE PERSONA
Nombre de persona Barreda, D. Francisco de,
Término indicativo de función/relación traducción
9 (RLIN) 85008
700 1# - PUNTO DE ACCESO ADICIONAL--NOMBRE DE PERSONA
Nombre de persona Navarro, D. Francisco,
Término indicativo de función/relación traducción
9 (RLIN) 85009
910 ## - DATOS DE OPCIÓN DEL USUARIO (OCLC)
Datos de opción del usuario Btavárez
942 ## - ELEMENTOS DE PUNTO DE ACCESO ADICIONAL (KOHA)
Fuente del sistema de clasificación o colocación Dewey Decimal Classification
Tipo de ítem Koha Libro
Holdings
Estado de retiro Estado de pérdida Fuente del sistema de clasificación o colocación Restricciones de uso No para préstamo Código de colección Localización permanente Ubicación/localización actual Ubicación en estantería Fecha de adquisición Fuente de adquisición Total de préstamos Signatura topográfica completa Código de barras Fecha visto por última vez Número de copia Precio válido a partir de Tipo de ítem Koha
    Dewey Decimal Classification Excluido de préstamo   General Biblioteca Nacional Pedro Henríquez Ureña Biblioteca Nacional Pedro Henríquez Ureña En catalogación 11.03.2024 Donado por Jorge Subero Isa   BNPHU GR 2024-1332 11.03.2024 v.1 11.03.2024 Libro
    Dewey Decimal Classification Excluido de préstamo   General Biblioteca Nacional Pedro Henríquez Ureña Biblioteca Nacional Pedro Henríquez Ureña En catalogación 11.03.2024 Donado por Jorge Subero Isa   BNPHU GR 2024-1333 11.03.2024 v.2 11.03.2024 Libro

Powered by Koha